000
00326 a2200109 4500
001
ART_14782
005
20260410161913.0
008
260409a
245
1
0
_a
Direct versus indirect Pigovian taxation
100
1
_a
Sandmo, Agnar
773
0
_t
European economic review
_g
- Vol. 7, NÂș 4 (may. 1976)
_w
REV13346
999
_c
27031
_d
27031